000 00533cas a2200193 a 4500
999 _c527816
_d527816
082 _a355
245 1 0 _aCriterion.
260 _aIslamabad :
_bS. Iftikhar Murshed,
_c2006-
300 _av. ;
_c24 cm.
500 _aTitle from cover.
650 0 _aIslam and state
_9292
650 0 _aEducation
_zPakistan
_919281
650 0 _aSecurity, International
_92184
650 7 _aEducation.
_94652
650 7 _aIslam and state.
_9292
650 7 _aPolitics and government
_91501
650 7 _aSecurity, International.
_92184
942 _cCR